00409nam a2200157Ia 4500008004100000020001800041082001700059100001700076245001900093250000800112260002500120300001200145500002500157650001500182700005400197230524s9999 xx 000 0 und d a9780070151499 a621.382bSAT aP.K.Satpathy 0aNetwork Theory aIST aNEW DELHIbTMHc2009 aXI;9.59 aQuantity Number: 80 aElectrical a" P Kabi Satpathy, S.P.Ghosh , A.K.Chakraborty,,"